000 01065cas a22002295a 4500
001 L139805
008 070809d1890 xxkar p 0 a0eng u
035 _a(Sirsi) u139805
041 0 _aeng
110 2 _aSurveyors' Institution
_bIrish Land Agents' Committee
_93784
245 0 0 _aLocal Regulations of the Irish Land Agents' Committee of the Surveyors' Institution...
260 _aDublin
_bIrish Land Agents' Committee of the Surveyors' Institution
_c[189?]-[190?]
362 0 _a1895-1899
520 _aIncludes a list of office-bearers and members, a report of the outgoing Executive Committee and a statement of accounts.
520 _aFrom it's establishment in 1890, until 1895, when it was incorporated with the Surveyors' Insttition, the organisation was known as the Irish Land Agents' Association.
554 _aOne per year
651 4 _aIreland (Republic of)
_y
690 _aENVIRONMENTAL AND LAND CONSULTANCY
710 2 _aIrish Land Agents' Association
785 0 0 _tReport of the Outgoing Committee and Statement of Accounts
942 _n0
999 _c119129
_d119129